Eurovision 2023 Bilderquiz Teil 3 - Statistiken

Allgemein
  • Dieses Quiz wurde 11 mal gespielt
  • Das Durchschnittsergebnis liegt bei 10 aus 12
Antwortstatistiken
Bildquiz Antwort % Korrekt
Deutschland
100%
Finnland
100%
Schweden
100%
Belgien
90%
Israel
90%
Österreich
80%
Portugal
80%
Tschechien
80%
Ukraine
80%
Armenien
60%
Schweiz
60%
Großbritannien
40%
Keine übereinstimmenden Quizze gefunden
Verteilung der Resultate
Anzahl Personen mit jedem Resultat
Perzentil nach korrekt beantworteten Fragen
Ihre Resultats-Entwicklung
Sie haben dieses Quiz noch nicht gespielt